[Event "PRAGUE OPEN 2019 - A - IM open"]
[Site "Praha, Olympik hotel"]
[Date "2019.01.12"]
[Round "3"]
[White "Barrish, Daniel"]
[Black "Plischki, Sebastian"]
[Result "1/2-1/2"]
[BlackElo "2426"]
[WhiteElo "2166"]
[LiveChessVersion "1.4.8"]

1. d4  Nf6  2. c4  g6
 3. f3  Bg7  4. e4
 d6  5. Ne2  O-O 
6. Be3  c5  7. Qd2  Nc6
 8. d5  Ne5  9. Nec3
 Nh5  10. Be2  f5
 11. f4  Ng4  12. Bxg4
 fxg4  13. O-O  a6
 14. Na3  Qa5  15. Rae1
 Bd7  16. Nd1  Qxd2
 17. Bxd2  b5  18. g3
 Rab8  19. b3  e5
 20. dxe6  Bxe6  21. Ne3
 Nf6  22. Nd5  Nxd5
 23. cxd5  Bd7  24. e5
 Bf5  25. Ba5  Rbc8
 26. exd6  Rf7  27. Re5
 Rd7  28. Bc7  Bf8
 29. Rc1  Bxd6  30. Bxd6
 Rxd6  31. Kf2  Kf7
 32. Ke3  h5  33. b4
 cxb4  34. Rxf5+  gxf5
 35. Rxc8  bxa3  36. Kd4
 b4  37. Rb8  a5 
38. Kc5  Ke7  39. Rb5  Rd8
 40. Rxa5  Rc8+  41. Kxb4
 Rc2  42. d6+  1/2-1/2

[Event "PRAGUE OPEN 2019 - A - IM open"]
[Site "Praha, Olympik hotel"]
[Date "2019.01.12"]
[Round "3"]
[White "Chudinovskikh, Alexander M."]
[Black "Lalic, Bogdan"]
[Result "1/2-1/2"]
[BlackElo "2418"]
[WhiteElo "2184"]
[LiveChessVersion "1.4.8"]

1. e4  c5  2. Nf3  d6
 3. Bb5+  Nd7  4. O-O
 Ngf6  5. Re1  a6
 6. Bf1  b6  7. c3
 Bb7  8. d3  g6 
9. Nbd2  Bg7  10. d4  cxd4
 11. cxd4  O-O  12. d5
 Rc8  13. Nb3  Ng4
 1/2-1/2

[Event "PRAGUE OPEN 2019 - A - IM open"]
[Site "Praha, Olympik hotel"]
[Date "2019.01.12"]
[Round "3"]
[White "Laverton, Christian"]
[Black "Spiess, Gunter"]
[Result "1/2-1/2"]
[BlackElo "2414"]
[WhiteElo "2147"]
[LiveChessVersion "1.4.8"]

1. d4  d5  2. c4  e6
 3. Nf3  Nf6  4. Nc3
 dxc4  5. e3  a6 
6. Bxc4  c5  7. O-O  b5
 8. Be2  Bb7  9. Ne5
 Nbd7  10. Bf3  Qc7
 11. Nxd7  Qxd7  12. Qe2
 Rc8  13. Rd1  cxd4
 14. Rxd4  Bxf3  15. Qxf3
 Qc6  16. Qxc6+  Rxc6
 17. a3  Bd6  18. Rd1
 Ke7  19. Bd2  Rhc8
 20. f3  Be5  21. Rac1
 Rc4  22. Kf2  Nd5
 23. Nxd5+  exd5  24. Bb4+
 Ke6  25. Rxc4  Rxc4
 26. Rd2  Rc1  27. f4
 Bf6  28. g4  g6 
29. e4  Bh4+  30. Kg2  Be1
 31. exd5+  Kd7  32. Rd4
 Rc2+  33. Kf3  1/2-1/2

[Event "PRAGUE OPEN 2019 - A - IM open"]
[Site "Praha, Olympik hotel"]
[Date "2019.01.12"]
[Round "3"]
[White "Burnett, Andrew"]
[Black "Roeder, Matthias"]
[Result "1/2-1/2"]
[BlackElo "2396"]
[WhiteElo "2140"]
[LiveChessVersion "1.4.8"]

1. d4  d5  2. Bf4  e6
 3. e3  Bd6  4. Bg3
 Nf6  5. Nd2  c5 
6. c3  Qc7  7. dxc5  Qxc5
 8. Ngf3  O-O  9. Bd3
 Nbd7  10. e4  dxe4
 11. Bxd6  Qxd6  12. Nxe4
 Nxe4  13. Bxe4  Qf4
 14. Bc2  Nf6  15. Qd2
 Qc7  16. O-O  b6
 17. Rfe1  Bb7  18. Ne5
 Rad8  19. Qe2  Rd6
 20. Rad1  Rfd8  21. c4
 a5  22. a3  Qc5 
23. Rxd6  Rxd6  24. Rd1  Kf8
 25. h4  Rxd1+  26. Bxd1
 Ke7  27. Qe3  Qxe3
 28. fxe3  Nd7  29. Nxd7
 Kxd7  30. b4  axb4
 31. axb4  Kd6  32. Bf3
 Ba6  33. Be2  Ke5
 34. Bd3  f5 35. g3  g6
 36. Kf2  h6 37. Ke2  g5
 38. hxg5  hxg5  39. Kd2 Bc8
1/2-1/2

[Event "PRAGUE OPEN 2019 - A - IM open"]
[Site "Praha, Olympik hotel"]
[Date "2019.01.12"]
[Round "3"]
[White "Gschnitzer, Oswald"]
[Black "Shyam, Prasad Reddy K."]
[Result "1-0"]
[BlackElo "2137"]
[WhiteElo "2370"]
[LiveChessVersion "1.4.8"]

1. Nf3  Nf6  2. c4  g6
 3. Nc3  d5  4. cxd5
 Nxd5  5. Qb3  Nb6
 6. d4  Bg7  7. Bf4
 O-O  8. Rd1  c6 
9. e3  Be6  10. Qc2  N8d7
 11. Be2  Nf6  12. O-O
 Nbd5  13. Be5  Bf5
 14. Qb3  Qb6  15. Bc4
 Rfd8  16. Rfe1  Rac8
 17. Ng5  h6  18. Nxf7
 Qxb3  19. Bxb3  Kxf7
 20. e4  Nxe4  21. Nxe4
 Bxe5  22. dxe5  b6
 23. Rd4  Be6  24. Red1
 Rc7  25. Kf1  Rcd7
 26. Nc3  Ke8  27. Ke2
 g5  28. Kf3  h5 
29. Ke4  Nxc3+  30. bxc3  Rxd4+
 31. cxd4  Kf7  32. Rc1
 Rc8  33. Bxe6+  Kxe6
 34. Rxc6+  Rxc6  35. d5+
 Kd7  36. dxc6+  Kxc6
 37. Kf5  Kd5  38. Kxg5
 b5  39. Kxh5  a5
 40. g4  Ke6  41. Kh6
 b4  42. g5  a4 
43. g6  1-0

[Event "PRAGUE OPEN 2019 - A - IM open"]
[Site "Praha, Olympik hotel"]
[Date "2019.01.12"]
[Round "3"]
[White "Jun, Rudolf"]
[Black "Kushko, Dmitry"]
[Result "0-1"]
[WhiteElo "1967"]
[BlackElo "2270"]
[PlyCount "74"]
[EventDate "2019.01.11"]

1. e4 d6 2. d4 Nf6 3. Nc3 g6 4. Nf3 Bg7 5. Be2 O-O 6. O-O Nc6 7. d5 Nb8 8. Be3
e5 9. dxe6 Bxe6 10. Nd4 Bd7 11. f4 Nc6 12. Bf3 Re8 13. Re1 a5 14. a4 Nxd4 15.
Bxd4 Bc6 16. e5 dxe5 17. Bxe5 Qxd1 18. Raxd1 Bxf3 19. gxf3 c6 20. Ne4 Nxe4 21.
Rxe4 Rad8 22. Rxd8 Rxd8 23. Re2 Bxe5 24. fxe5 Kf8 25. Kf2 Ke7 26. Ke3 Ke6 27.
Ke4 Rd1 28. c3 Ra1 29. Kd4 Rxa4+ 30. Kc5 Ra2 31. Kb6 a4 32. Kxb7 a3 33. Re1
axb2 34. Rb1 Kd5 35. c4+ Kxc4 36. Kxc6 Kc3 37. Kd6 Ra1 0-1

[Event "PRAGUE OPEN 2019 - A - IM open"]
[Site "Praha, Olympik hotel"]
[Date "2019.01.12"]
[Round "3"]
[White "Pechac, Jergus"]
[Black "Chyzy, Jakub"]
[Result "1-0"]
[WhiteElo "2472"]
[BlackElo "2045"]
[PlyCount "63"]
[EventDate "2019.01.11"]

1. d4 d5 2. c4 e6 3. Nf3 Nf6 4. Nc3 Be7 5. Bf4 O-O 6. e3 Nbd7 7. Be2 c6 8. O-O
dxc4 9. Bxc4 b5 10. Bd3 Bb7 11. a3 Nb6 12. e4 a5 13. Qc2 g6 14. e5 Nfd5 15. Bh6
Re8 16. Ne4 Nd7 17. h4 f5 18. exf6 N5xf6 19. Neg5 Bf8 20. Bxg6 Bxh6 21. Bxh7+
Kf8 22. Rae1 Qe7 23. Nxe6+ Qxe6 24. Rxe6 Rxe6 25. g4 c5 26. Ne5 Nxe5 27. dxe5
Rxe5 28. g5 Nxh7 29. gxh6 Be4 30. Qc3 Rae8 31. f4 Rd5 32. Qg7# 1-0

[Event "PRAGUE OPEN 2019 - A - IM open"]
[Site "Praha, Olympik hotel"]
[Date "2019.01.12"]
[Round "3"]
[White "Csiki, Endre"]
[Black "Koubova, Anna Marie"]
[Result "0-1"]
[WhiteElo "2264"]
[BlackElo "2021"]
[PlyCount "66"]
[EventDate "2019.01.11"]

1. e4 c5 2. Nf3 d6 3. d4 cxd4 4. Nxd4 Nf6 5. Nc3 g6 6. Be3 Bg7 7. f3 O-O 8. Qd2
Nc6 9. Bc4 Bd7 10. h4 h5 11. Nxc6 Bxc6 12. O-O-O Rc8 13. Bb3 b5 14. Bxa7 Qa5
15. Bd4 e5 16. Be3 b4 17. Nd5 Nxd5 18. exd5 Ba4 19. Qd3 Bb5 20. Qd2 Bc4 21.
Bxc4 Rxc4 22. Qd3 Qxa2 23. Kd2 Rfc8 24. Rc1 Bh6 25. Bxh6 Rd4 26. Qxd4 exd4 27.
Bg5 Qxb2 28. Kd1 b3 29. cxb3 Qxb3+ 30. Kd2 Ra8 31. Ke1 Qb2 32. Bd2 Re8+ 33. Kd1
Qb3+ 0-1

[Event "PRAGUE OPEN 2019 - A - IM open"]
[Site "Praha, Olympik hotel"]
[Date "2019.01.12"]
[Round "3"]
[White "Ortoft, Kai"]
[Black "Michalczak, Thomas"]
[Result "0-1"]
[WhiteElo "1949"]
[BlackElo "2139"]
[PlyCount "72"]
[EventDate "2019.01.11"]

1. Nf3 Nf6 2. c4 g6 3. g3 Bg7 4. Bg2 O-O 5. O-O d5 6. cxd5 Nxd5 7. d4 Nb6 8.
Nc3 Nc6 9. e3 Re8 10. h3 a5 11. a4 e5 12. d5 Nb4 13. e4 h6 14. Kh2 Kh7 15. Ne1
c6 16. Nc2 cxd5 17. Nxb4 axb4 18. Nxd5 Nxd5 19. exd5 Qd6 20. Be3 Ra5 21. Qd2 f5
22. Rfd1 Bd7 23. b3 e4 24. Rac1 Bc3 25. Qe2 Rxd5 26. Rxd5 Qxd5 27. Rd1 Qf7 28.
Rb1 Be6 29. Qc2 Rc8 30. f3 Bd4 31. Qd2 Bxe3 32. Qxe3 Rc3 33. Qe2 exf3 34. Bxf3
Bxb3 35. Bg2 Rc2 36. Qf3 Bd5 0-1

[Event "PRAGUE OPEN 2019 - A - IM open"]
[Site "Praha, Olympik hotel"]
[Date "2019.01.12"]
[Round "3"]
[White "Vechet, Stanislav"]
[Black "Skurniak, Szymon"]
[Result "1/2-1/2"]
[WhiteElo "2114"]
[BlackElo "1876"]
[PlyCount "46"]
[EventDate "2019.01.11"]

1. d4 Nf6 2. g3 g6 3. Bg2 d5 4. Nf3 Bg7 5. O-O O-O 6. c4 dxc4 7. Na3 c3 8. bxc3
c5 9. Nc4 Nc6 10. Bb2 Bf5 11. Nfe5 Nxe5 12. Nxe5 Nd7 13. f4 Nxe5 14. fxe5 Qb6
15. Qb3 Be6 16. Qxb6 axb6 17. Bxb7 Rxa2 18. Rxa2 Bxa2 19. Ra1 Bc4 20. Bf3 f6
21. dxc5 bxc5 22. Ra7 fxe5 23. Rxe7 Rf7 1/2-1/2

[Event "PRAGUE OPEN 2019 - A - IM open"]
[Site "Praha, Olympik hotel"]
[Date "2019.01.12"]
[Round "3"]
[White "Mastroddi, Emiliano"]
[Black "Docekalova, Alexandra"]
[Result "1/2-1/2"]
[WhiteElo "2058"]
[BlackElo "1888"]
[PlyCount "36"]
[EventDate "2019.01.11"]

1. e4 e6 2. d3 d5 3. Nd2 Nf6 4. Ngf3 Be7 5. g3 O-O 6. Bg2 Nc6 7. O-O e5 8. exd5
Nxd5 9. Nc4 f6 10. Ne3 Be6 11. Nxd5 Bxd5 12. Be3 Qd7 13. Qd2 Be6 14. Rfe1 Rfd8
15. a3 Bf8 16. Qc3 Ne7 17. Rad1 Nd5 18. Qd2 Nxe3 1/2-1/2

[Event "PRAGUE OPEN 2019 - A - IM open"]
[Site "Praha, Olympik hotel"]
[Date "2019.01.12"]
[Round "3"]
[White "Held, Martin"]
[Black "Sedlacek, Tomas"]
[Result "1/2-1/2"]
[WhiteElo "1851"]
[BlackElo "2016"]
[PlyCount "44"]
[EventDate "2019.01.11"]

1. e4 e6 2. d4 d5 3. Nc3 Bb4 4. Nge2 Nf6 5. a3 Be7 6. Bg5 Nxe4 7. Bxe7 Qxe7 8.
Nxe4 dxe4 9. Nc3 Bd7 10. Nxe4 Bc6 11. Bd3 Nd7 12. Qe2 Bxe4 13. Qxe4 c6 14.
O-O-O O-O-O 15. f4 Nf6 16. Qe3 Qd6 17. Bc4 Rhe8 18. g3 Nd7 19. Rhe1 Nb6 20. Qe2
g6 21. Bb3 Qc7 22. Qe5 h5 1/2-1/2

[Event "PRAGUE OPEN 2019 - A - IM open"]
[Site "Praha, Olympik hotel"]
[Date "2019.01.12"]
[Round "3"]
[White "Czernek, Tymon"]
[Black "Oburka, Vladislav"]
[Result "1-0"]
[WhiteElo "2012"]
[BlackElo "1776"]
[PlyCount "51"]
[EventDate "2019.01.11"]

1. e4 c5 2. Nf3 a6 3. d3 Nc6 4. g3 d6 5. Bg2 Nf6 6. O-O Bg4 7. Nbd2 Qd7 8. Re1
e5 9. c3 b5 10. a4 b4 11. Nc4 Rb8 12. Bg5 Be7 13. Ne3 Be6 14. Bxf6 Bxf6 15. Nd5
Bd8 16. d4 Bg4 17. dxe5 dxe5 18. Qe2 Qc8 19. Qe3 Bxf3 20. Bxf3 Ne7 21. cxb4
cxb4 22. Rac1 Qe6 23. Be2 O-O 24. Qa7 Qd6 25. Qxa6 Bc7 26. Rxc7 1-0

[Event "PRAGUE OPEN 2019 - A - IM open"]
[Site "Praha, Olympik hotel"]
[Date "2019.01.12"]
[Round "3"]
[White "Otruba, Marek"]
[Black "Rericha, Miroslav"]
[Result "1-0"]
[WhiteElo "1983"]
[BlackElo "1660"]
[PlyCount "47"]
[EventDate "2019.01.11"]

1. d4 d5 2. c4 e6 3. Nf3 c6 4. Nc3 f5 5. g3 Bd6 6. Bg2 Nf6 7. O-O O-O 8. Qc2
Qc7 9. c5 Be7 10. Bf4 Qd8 11. b4 Nbd7 12. b5 Nh5 13. bxc6 bxc6 14. Qa4 Bb7 15.
Rab1 Qc8 16. Rb3 Nxf4 17. gxf4 Qc7 18. Rfb1 Rfb8 19. Ne5 Bf6 20. Nxd5 exd5 21.
Bxd5+ cxd5 22. Nxd7 a6 23. Nxb8 Rxb8 24. Rxb7 1-0

[Event "PRAGUE OPEN 2019 - A - IM open"]
[Site "Praha, Olympik hotel"]
[Date "2019.01.12"]
[Round "3"]
[White "Nahornyi, Ihor"]
[Black "Hrbek, Tomas"]
[Result "1/2-1/2"]
[WhiteElo "1900"]
[BlackElo "1703"]
[PlyCount "58"]
[EventDate "2019.01.11"]

1. e4 e5 2. Nf3 Nf6 3. Nxe5 d6 4. Nf3 Nxe4 5. Nc3 Nxc3 6. dxc3 Be7 7. Be3 O-O
8. Qd2 Nc6 9. O-O-O Bf5 10. h4 a5 11. h5 a4 12. a3 Ra5 13. Be2 Qd7 14. Rdg1 Qe6
15. Kb1 Bf6 16. Nh4 Be4 17. f3 Bxc2+ 18. Kxc2 Re5 19. g4 Rxe3 20. Bc4 Qxc4 21.
Qxe3 Qb3+ 22. Kc1 Nb4 23. axb4 a3 24. bxa3 Bxc3 25. Qe2 Ra8 26. Nf5 Bxb4 27.
Qc2 Bxa3+ 28. Kd1 Qxf3+ 29. Qe2 Qd5+ 1/2-1/2

[Event "PRAGUE OPEN 2019 - B - FIDE open"]
[Site "Praha, Olympik hotel"]
[Date "2019.01.12"]
[Round "3"]
[White "Wloch, Mikolaj"]
[Black "Hadzala, Daniel"]
[Result "1/2-1/2"]
[WhiteElo "1720"]
[BlackElo "2023"]
[PlyCount "79"]
[EventDate "2019.01.11"]

1. e4 e6 2. d4 d5 3. exd5 exd5 4. Bd3 Qf6 5. c3 Bd6 6. Qf3 Qxf3 7. Nxf3 Ne7 8.
Bg5 Nbc6 9. O-O f6 10. Bh4 Bf5 11. Bxf5 Nxf5 12. Re1+ Kd7 13. Nbd2 h5 14. Bg3
Be7 15. Nf1 h4 16. Bf4 g5 17. Be3 Rag8 18. g4 hxg3 19. fxg3 g4 20. N3d2 Bd6 21.
Bf2 Rh3 22. Ne3 Nce7 23. Nxf5 Nxf5 24. Nf1 Rgh8 25. Rac1 Ng7 26. Rc2 Ne6 27.
Be3 f5 28. Rf2 Rf8 29. a3 f4 30. gxf4 Nxf4 31. Bxf4 Rxf4 32. Ree2 Rxf2 33. Rxf2
c5 34. Rf7+ Kc6 35. dxc5 Bxc5+ 36. Kg2 d4 37. Rf6+ Kb5 38. cxd4 Bxd4 39. Rf4
Kc5 40. b4+ 1/2-1/2

[Event "PRAGUE OPEN 2019 - B - FIDE open"]
[Site "Praha, Olympik hotel"]
[Date "2019.01.12"]
[Round "3"]
[White "Rocks, Daniel"]
[Black "Kochev, Igor"]
[Result "1/2-1/2"]
[WhiteElo "2022"]
[BlackElo "1748"]
[PlyCount "65"]
[EventDate "2019.01.11"]

1. e4 e6 2. d4 d5 3. exd5 exd5 4. Nf3 Bd6 5. c4 dxc4 6. Bxc4 Nf6 7. Qe2+ Qe7 8.
Qxe7+ Bxe7 9. O-O O-O 10. Nc3 c6 11. a4 Bf5 12. Re1 Bd6 13. Bg5 Nbd7 14. Nh4
Bg6 15. Nxg6 hxg6 16. a5 Rfe8 17. Bxf6 Nxf6 18. d5 cxd5 19. Nxd5 Nxd5 20. Bxd5
Rxe1+ 21. Rxe1 Bb4 22. Ra1 Re8 23. Bxb7 Re1+ 24. Rxe1 Bxe1 25. a6 g5 26. Kf1
Ba5 27. Ke2 f6 28. Kd3 Bb6 29. f3 Kf7 30. Ke4 Bd8 31. Kf5 Bb6 32. b4 Bg1 33. h3
1/2-1/2

[Event "PRAGUE OPEN 2019 - B - FIDE open"]
[Site "Praha, Olympik hotel"]
[Date "2019.01.12"]
[Round "3"]
[White "Ambrozi, Peter"]
[Black "Eliseev, Sergey"]
[Result "1/2-1/2"]
[WhiteElo "1976"]
[BlackElo "1737"]
[PlyCount "46"]
[EventDate "2019.01.11"]

1. d4 Nf6 2. Nf3 g6 3. g3 Bg7 4. Bg2 d6 5. O-O O-O 6. c4 c6 7. Nc3 Nbd7 8. h3
e5 9. e4 exd4 10. Nxd4 Rb8 11. Rb1 a5 12. Re1 Nc5 13. Nb3 Nxb3 14. axb3 Re8 15.
Qd4 Nd7 16. Na4 b5 17. cxb5 cxb5 18. Nc3 b4 19. Na4 Nc5 20. Nxc5 dxc5 21. Qe3
Be6 22. Bf1 Qc8 23. h4 Bf6 1/2-1/2

[Event "PRAGUE OPEN 2019 - B - FIDE open"]
[Site "Praha, Olympik hotel"]
[Date "2019.01.12"]
[Round "3"]
[White "Ziabari, Morteza"]
[Black "Lansky, Petr"]
[Result "1-0"]
[WhiteElo "1927"]
[BlackElo "1705"]
[PlyCount "38"]
[EventDate "2019.01.11"]

1. e4 c5 2. Nc3 e6 3. f4 a6 4. Nf3 Nc6 5. a4 Qc7 6. Bc4 Qxf4 7. d4 Qc7 8. d5
Na5 9. Ba2 Bd6 10. Qe2 c4 11. O-O h5 12. e5 Bc5+ 13. Kh1 Nh6 14. Bxh6 gxh6 15.
Nh4 d6 16. Qxh5 dxe5 17. Rf6 Bf8 18. dxe6 Rh7 19. Nd5 Qd8 1-0

[Event "PRAGUE OPEN 2019 - B - FIDE open"]
[Site "Praha, Olympik hotel"]
[Date "2019.01.12"]
[Round "3"]
[White "Chen, Jonathan"]
[Black "Ocelak, Jakub"]
[Result "1/2-1/2"]
[WhiteElo "1884"]
[BlackElo "1644"]
[PlyCount "50"]
[EventDate "2019.01.11"]

1. d4 e6 2. c4 f5 3. Nf3 d5 4. Nc3 c6 5. Bf4 Nf6 6. e3 Be7 7. Bd3 O-O 8. Qc2
Ne4 9. g4 g5 10. Be5 Bf6 11. gxf5 exf5 12. cxd5 Nxc3 13. bxc3 Bxe5 14. Nxe5
cxd5 15. Kd2 Nc6 16. Nxc6 bxc6 17. Rag1 Qf6 18. h4 g4 19. h5 Qh6 20. Be2 Kh8
21. Kd1 Bd7 22. Qd2 Rab8 23. Kc2 Qd6 24. Qc1 Rb6 25. Qa1 Qa3 1/2-1/2

[Event "PRAGUE OPEN 2019 - B - FIDE open"]
[Site "Praha, Olympik hotel"]
[Date "2019.01.12"]
[Round "3"]
[White "Pyzio, Amelia"]
[Black "Svetly, Jiri"]
[Result "0-1"]
[WhiteElo "1646"]
[BlackElo "1879"]
[PlyCount "106"]
[EventDate "2019.01.11"]

1. e4 d6 2. d4 Nf6 3. Nc3 g6 4. Bc4 Bg7 5. Nf3 c6 6. O-O b5 7. Bd3 O-O 8. a4 b4
9. Ne2 a5 10. Ng3 Nbd7 11. h3 e5 12. dxe5 dxe5 13. Qe2 Qc7 14. Be3 c5 15. Nd2
Bb7 16. Nc4 Nb6 17. Bg5 Nfd7 18. Rfd1 Nxc4 19. Bxc4 Nb6 20. Bb5 h6 21. Be3 f5
22. exf5 gxf5 23. Nh5 f4 24. Bc1 Qf7 25. Qg4 Rad8 26. Bd2 Rd6 27. Qxg7+ Qxg7
28. Nxg7 Kxg7 29. Be1 Rfd8 30. Rxd6 Rxd6 31. Kf1 Bd5 32. f3 Bc4+ 33. Kf2 Kf6
34. b3 Be6 35. Ke2 c4 36. Rb1 Kf5 37. Bd2 Bf7 38. Be1 e4 39. fxe4+ Kxe4 40. Bd2
Bh5+ 41. Ke1 Bf7 42. Ke2 Bh5+ 43. Ke1 c3 44. Bd3+ Ke5 45. Bc1 Bg6 46. Bxg6 Rxg6
47. Kf2 Nd5 48. Ra1 h5 49. Rb1 h4 50. Ra1 Ne7 51. Rb1 Nf5 52. Ra1 Rd6 53. Rb1
Nd4 0-1

[Event "PRAGUE OPEN 2019 - B - FIDE open"]
[Site "Praha, Olympik hotel"]
[Date "2019.01.12"]
[Round "3"]
[White "Ochman, Tomas"]
[Black "Nemec, Jachym"]
[Result "0-1"]
[WhiteElo "1853"]
[BlackElo "1638"]
[PlyCount "84"]
[EventDate "2019.01.11"]

1. Nf3 d5 2. c4 e6 3. e3 Nf6 4. Nc3 a6 5. b3 Be7 6. Bb2 dxc4 7. bxc4 c5 8. Ne5
Nbd7 9. f4 Nxe5 10. fxe5 Nd7 11. Ne4 O-O 12. Be2 Qc7 13. d4 f5 14. exf6 Nxf6
15. Nxc5 Bxc5 16. dxc5 Ne4 17. Bf3 Qa5+ 18. Ke2 Rd8 19. Qxd8+ Qxd8 20. Bxe4 Qe7
21. Rad1 e5 22. Rd6 Bg4+ 23. Bf3 Bxf3+ 24. gxf3 Rf8 25. Rg1 g6 26. Rd5 Qh4 27.
Bxe5 Qxc4+ 28. Rd3 Qc2+ 29. Rd2 Qc4+ 30. Kf2 Qxc5 31. Bd4 Qc6 32. f4 b5 33. Rg5
Rf5 34. Be5 Rxg5 35. fxg5 b4 36. Rd6 Qc2+ 37. Kg3 b3 38. Rxa6 Qe4 39. Bd4 b2
40. Bxb2 Qxe3+ 41. Kh4 Qf4+ 42. Kh3 Qf1+ 0-1

[Event "PRAGUE OPEN 2019 - B - FIDE open"]
[Site "Praha, Olympik hotel"]
[Date "2019.01.12"]
[Round "3"]
[White "Bublik, Frantisek"]
[Black "Watarkar, Yash"]
[Result "1/2-1/2"]
[WhiteElo "1845"]
[BlackElo "1495"]
[PlyCount "36"]
[EventDate "2019.01.11"]

1. e4 e5 2. Nf3 Nc6 3. d4 exd4 4. Nxd4 Bc5 5. Be3 Qf6 6. c3 Qg6 7. Qf3 a6 8.
Nd2 Ne5 9. Qg3 d6 10. Be2 Nf6 11. f3 Bd7 12. Nc2 Bxe3 13. Nxe3 Be6 14. Ndc4
Nxc4 15. Bxc4 Bxc4 16. Qxg6 hxg6 17. Nxc4 O-O-O 18. O-O-O Rh5 1/2-1/2

[Event "PRAGUE OPEN 2019 - B - FIDE open"]
[Site "Praha, Olympik hotel"]
[Date "2019.01.12"]
[Round "3"]
[White "Wilk, Igor"]
[Black "Glienke, Michael"]
[Result "1-0"]
[WhiteElo "1558"]
[BlackElo "1780"]
[PlyCount "75"]
[EventDate "2019.01.11"]

1. e4 c5 2. Nf3 Nc6 3. d4 cxd4 4. Nxd4 g6 5. c4 Bg7 6. Be3 d6 7. Nc3 Nf6 8. Be2
Bd7 9. O-O O-O 10. f3 a6 11. Qd2 Re8 12. Rac1 Qa5 13. b3 Rad8 14. Nxc6 Bxc6 15.
Nd5 Qxd2 16. Bxd2 e6 17. Nxf6+ Bxf6 18. Bf4 Bd4+ 19. Kh1 d5 20. exd5 exd5 21.
Bd3 Be3 22. Bxe3 Rxe3 23. Rcd1 dxc4 24. Bxc4 Rxd1 25. Rxd1 Kg7 26. Kg1 f5 27.
Kf2 Rc3 28. Ke2 Rc2+ 29. Rd2 Rxd2+ 30. Kxd2 Kf6 31. Ke3 h6 32. Kd4 g5 33. Bd5
Bb5 34. Bxb7 Bf1 35. g3 a5 36. Kc5 Ke5 37. Kb6 Bg2 38. f4+ 1-0

[Event "PRAGUE OPEN 2019 - B - FIDE open"]
[Site "Praha, Olympik hotel"]
[Date "2019.01.12"]
[Round "3"]
[White "Rychtecky, Pavel"]
[Black "Jaeger, Andre"]
[Result "0-1"]
[WhiteElo "1624"]
[BlackElo "1903"]
[PlyCount "48"]
[EventDate "2019.01.11"]

1. e4 c5 2. Nf3 Nc6 3. d4 cxd4 4. Nxd4 Nf6 5. Nc3 e5 6. Nb3 Bb4 7. Bd3 d5 8.
exd5 Nxd5 9. Bd2 O-O 10. O-O Be6 11. a3 Nxc3 12. bxc3 Bd6 13. Qe2 f5 14. f3 Qf6
15. Be3 b6 16. Ba6 Qf7 17. Rfb1 Kh8 18. a4 Rab8 19. Rd1 Rfd8 20. Rab1 Qc7 21.
Bg5 Re8 22. Qd2 Bf8 23. Qe3 Bxb3 24. cxb3 Bc5 0-1

[Event "PRAGUE OPEN 2019 - B - FIDE open"]
[Site "Praha, Olympik hotel"]
[Date "2019.01.12"]
[Round "3"]
[White "Shehzad, Alisha"]
[Black "Chaloupka, Josef"]
[Result "1-0"]
[WhiteElo "1563"]
[BlackElo "1759"]
[PlyCount "33"]
[EventDate "2019.01.11"]

1. e4 e5 2. Nf3 Nc6 3. Nc3 Bc5 4. Nxe5 Bxf2+ 5. Kxf2 Nxe5 6. d4 Ng6 7. Bc4 d6
8. Rf1 Nf6 9. Kg1 h6 10. Qf3 c6 11. Be3 O-O 12. Bxh6 Nxe4 13. Bxf7+ Kh8 14.
Qxe4 gxh6 15. Qxg6 Qg5 16. Qxg5 hxg5 17. Ne4 1-0

[Event "PRAGUE OPEN 2019 - B - FIDE open"]
[Site "Praha, Olympik hotel"]
[Date "2019.01.12"]
[Round "3"]
[White "Schneider, Kevin"]
[Black "Dolgopolov, Oleksandr"]
[Result "0-1"]
[WhiteElo "1738"]
[BlackElo "1579"]
[PlyCount "46"]
[EventDate "2019.01.11"]

1. e4 Nf6 2. e5 Nd5 3. d4 d6 4. exd6 exd6 5. c4 Nb6 6. Be3 Be7 7. Nc3 O-O 8.
Qh5 h6 9. Qf3 c6 10. O-O-O d5 11. c5 N6d7 12. Be2 b6 13. Nxd5 cxd5 14. Qxd5 Qc7
15. Bf3 bxc5 16. dxc5 Bxc5 17. Bxc5 Nxc5 18. Qxa8 Bb7 19. Bxb7 Nxb7+ 20. Kb1
Nc6 21. Qxf8+ Kxf8 22. Nf3 Nb4 23. Nd4 Qc4 0-1

[Event "PRAGUE OPEN 2019 - B - FIDE open"]
[Site "Praha, Olympik hotel"]
[Date "2019.01.12"]
[Round "3"]
[White "Bae, Sungwoo"]
[Black "Grabarczyk, Sylwester"]
[Result "1-0"]
[WhiteElo "1505"]
[BlackElo "1834"]
[PlyCount "51"]
[EventDate "2019.01.11"]

1. e4 e5 2. Nf3 Nc6 3. d4 exd4 4. Bc4 h6 5. O-O Nf6 6. e5 Ng4 7. h3 h5 8. hxg4
d5 9. exd6 hxg4 10. Re1+ Be6 11. Bxe6 fxe6 12. Rxe6+ Kd7 13. Ng5 Bxd6 14. Qxg4
Qg8 15. Rh6+ Ke8 16. Rxh8 Qxh8 17. Qe4+ Ne7 18. Bf4 Rd8 19. Nd2 Bb4 20. a3 Bc5
21. Re1 d3 22. Qg6+ Kd7 23. Qe6+ Ke8 24. b4 Bxf2+ 25. Kxf2 Qh4+ 26. Kg1 1-0

[Event "PRAGUE OPEN 2019 - B - FIDE open"]
[Site "Praha, Olympik hotel"]
[Date "2019.01.12"]
[Round "3"]
[White "Nemecek St, Pavel"]
[Black "Juhanak, Daniel"]
[Result "1/2-1/2"]
[WhiteElo "1814"]
[BlackElo "1498"]
[PlyCount "46"]
[EventDate "2019.01.11"]

1. e4 e6 2. d4 d5 3. e5 c5 4. c3 Nc6 5. Nf3 Bd7 6. Be2 Qb6 7. O-O cxd4 8. cxd4
Nh6 9. b3 Nf5 10. Bb2 Be7 11. g4 Nh6 12. h3 f6 13. exf6 gxf6 14. Qd2 Nf7 15.
Nc3 h5 16. g5 fxg5 17. Na4 Qc7 18. Rac1 g4 19. hxg4 hxg4 20. Ne5 Bg5 21. Qd3
Bxc1 22. Rxc1 Qd6 23. Qg6 Ncxe5 1/2-1/2

[Event "PRAGUE OPEN 2019 - B - FIDE open"]
[Site "Praha, Olympik hotel"]
[Date "2019.01.12"]
[Round "3"]
[White "Dwilewicz, Agata"]
[Black "Nguyen, Thai Dang Vi"]
[Result "1-0"]
[WhiteElo "1748"]
[BlackElo "1442"]
[PlyCount "35"]
[EventDate "2019.01.11"]

1. e4 e5 2. Nf3 Nf6 3. Nxe5 d6 4. Nf3 Nxe4 5. Nc3 Nxc3 6. dxc3 Be7 7. Bf4 Nc6
8. Qd2 Be6 9. Ng5 Qd7 10. Nxe6 Qxe6+ 11. Be2 Bf6 12. O-O O-O 13. h3 Be5 14. Bg5
h6 15. Be3 Rfe8 16. Bg4 f5 17. Bf3 Rf8 18. Bd5 1-0

[Event "PRAGUE OPEN 2019 - A - IM open"]
[Site "Praha, Olympik hotel"]
[Date "2019.01.13"]
[Round "4"]
[White "Postny, Evgeny"]
[Black "Low, Zhen Yu Cyrus"]
[Result "1/2-1/2"]
[BlackElo "2385"]
[WhiteElo "2623"]
[LiveChessVersion "1.4.8"]

1. Nf3  Nf6  2. c4  g6
 3. Nc3  d5  4. cxd5
 Nxd5  5. Qb3  Nb6
 6. d4  Bg7  7. Bf4
 Be6  8. Qa3  Nc6
 9. e3  a5  10. Bb5
 O-O  11. Bxc6  bxc6
 12. Qc5  Nd5  13. Nxd5
 Qxd5  14. Qxd5  Bxd5
 15. Bxc7  c5  16. Bb6
 cxd4  17. Bxd4  Bxd4
 18. Nxd4  Rfb8  19. O-O-O
 Bxa2  20. Rd3  1/2-1/2